Puteri Pucuk Kelumpang

Bibliographic Details
Main Author: Wan Nan Wan Mahmud
Format: Book
Published: Shah Alam : Marwilis Publisher , 1992
Subjects:

MARC

LEADER 00000cam a2200000 7i4500
001 0000003498
002 000003768
005 20000330.0
020 |a 9838312339 
090 0 0 |a JF   |b WAN 
100 0 |a Wan Nan Wan Mahmud 
245 1 0 |a Puteri Pucuk Kelumpang   |c Fawana 
260 |a Shah Alam :   |b Marwilis Publisher ,   |c 1992 
300 |a 82p. ;   |c 21cm. 
650 0 0 |a Children's stories 
999 |a 031974   |b BUKU   |c JUNIOR FICTION   |e PERPUSTAKAAN KOMUNITI PETALING JAYA